000 00638nam a2200181Ia 4500
008 100920s9999 xx 000 0 und d
082 _b45516
_a24 थ 81
100 _aकेळकर गो.रा.
245 _aव्यवहारात विज्ञान पहा.
260 _bअनिरुध्द साहित्य, पुणे.
_c1981
300 _a116
_bसाधी
365 _b6
520 _aसायो.
630 _aव्यवहारात विज्ञान पहा.
650 _aसायो.
730 _aव्यवहारात विज्ञान पहा.
942 _cBOOK
999 _c693767
_d693764